000 00313 a2200157 4500
001 190932
020 _a978-85-66470-23-9
040 _cMagnum
100 _aFranco, Blandina
240 1 0 _aO barco
_lpor
245 1 0 _aO barco
300 _a68
362 0 _a2013
697 _aLITERATURA INFANTO
942 _cBK
999 _c190932
_d190932